[Event "25. Copenhagen Open  (Politiken Cup)"]
[Site "Copenhagen"]
[Date "2003.07.16"]
[Round "3"]
[White "Hansen, Anders"]
[Black "Rossen, Claus"]
[Result "0-1"]
[WhiteElo "2044"]
[BlackElo "2202"]
[PlyCount "46"]
[EventDate "2003.07.14"]
[EventType "swiss"]
[EventRounds "11"]
[EventCountry "DEN"]
[SourceDate "2004.01.01"]

1. d4 Nf6 2. c4 g6 3. Nc3 d5 4. Nf3 Bg7 5. Bg5 Ne4 6. cxd5 Nxg5 7. Nxg5 e6 8.
Qd2 exd5 9. Qe3+ Kf8 10. Qf4 Qf6 11. Qxf6 Bxf6 12. Nxd5 Bxg5 13. Nxc7 Nc6 14.
Nxa8 Nxd4 15. e3 Nc2+ 16. Kd2 Nxa1 17. Bd3 Bf6 18. Rxa1 Bxb2 19. Rb1 Be5 20.
Rc1 Be6 21. Bc4 Ke7 22. Bxe6 fxe6 23. Nc7 a6 0-1

[Event "25. Copenhagen Open  (Politiken Cup)"]
[Site "Copenhagen"]
[Date "2003.07.16"]
[Round "3"]
[White "Hansen, Jens Martin"]
[Black "Hogh, Sidsel T"]
[Result "1-0"]
[WhiteElo "1731"]
[BlackElo "1438"]
[PlyCount "105"]
[EventDate "2003.07.14"]
[EventType "swiss"]
[EventRounds "11"]
[EventCountry "DEN"]
[SourceDate "2004.01.01"]

1. e4 c5 2. Nc3 d6 3. f4 e6 4. Nf3 a6 5. a4 Nc6 6. Bc4 Qc7 7. O-O Nf6 8. d3 Be7
9. Bd2 O-O 10. Qe1 Bd7 11. h3 Nb4 12. Bb3 b5 13. axb5 axb5 14. Rxa8 Rxa8 15.
Ne2 Nc6 16. g4 d5 17. e5 Ne8 18. c3 c4 19. Bc2 Qb6+ 20. d4 b4 21. Ng3 bxc3 22.
Bxc3 Bb4 23. f5 Bxc3 24. bxc3 Qb2 25. fxe6 Bxe6 26. Qd2 Ra2 27. Rf2 Kh8 28. Ng5
Nd8 29. Nxh7 Ra1+ 30. Kg2 Rc1 31. Ng5 Nc7 32. Nf5 Nb5 33. Ne7 Na3 34. Bf5 Qxd2
35. Rxd2 Rxc3 36. Bxe6 fxe6 37. Rf2 Rc2 38. Ng6+ Kg8 39. Nf4 Rxf2+ 40. Kxf2 Nc2
41. Ngxe6 Nxe6 42. Nxe6 Kf7 43. Ng5+ Ke7 44. Nf3 Nb4 45. Ke2 Na6 46. Kd2 Nc7
47. h4 Ke6 48. Ng1 Nb5 49. Ke3 Na3 50. Ne2 Nb5 51. Nf4+ Ke7 52. Nxd5+ Kd7 53.
Nb6+ 1-0

[Event "25. Copenhagen Open  (Politiken Cup)"]
[Site "Copenhagen"]
[Date "2003.07.16"]
[Round "3"]
[White "Hansen, Rene Rauer"]
[Black "Cohen, Ronnie"]
[Result "1-0"]
[WhiteElo "2055"]
[BlackElo "1695"]
[PlyCount "105"]
[EventDate "2003.07.14"]
[EventType "swiss"]
[EventRounds "11"]
[EventCountry "DEN"]
[SourceDate "2004.01.01"]

1. d4 Nf6 2. c4 g6 3. Nf3 Bg7 4. g3 d6 5. Bg2 O-O 6. Nc3 a5 7. O-O Nbd7 8. e4
e5 9. Re1 Re8 10. h3 h6 11. Be3 Rb8 12. Qd2 Kh7 13. Rad1 b6 14. Qc2 Bb7 15. a3
exd4 16. Nxd4 Ne5 17. b3 Nfd7 18. f3 Nf8 19. Bf2 Ne6 20. Ndb5 Bc6 21. f4 Nd7
22. Na7 Bb7 23. Nab5 h5 24. Ne2 Nec5 25. Nec3 Ne6 26. f5 Nec5 27. b4 axb4 28.
axb4 Na6 29. Qb3 Qf6 30. Bd4 Ne5 31. Rf1 Qg5 32. Ne2 Rf8 33. f6 Bh6 34. Rf4 h4
35. gxh4 Qh5 36. Ng3 Qxd1+ 37. Qxd1 Bxf4 38. Ne2 Bh6 39. c5 bxc5 40. bxc5 Ba8
41. Nxc7 Nxc7 42. cxd6 Ne6 43. Bxe5 Rb5 44. Bg3 Rfb8 45. Kh2 Rb1 46. Qd3 R8b3
47. Qa6 Bb7 48. Qa4 Nc5 49. Qe8 Bd5 50. exd5 Rb7 51. h5 Be3 52. hxg6+ Kxg6 53.
Qxe3 1-0

[Event "25. Copenhagen Open  (Politiken Cup)"]
[Site "Copenhagen"]
[Date "2003.07.16"]
[Round "3"]
[White "Harstad, Christian"]
[Black "Christoffersen, Jan"]
[Result "1-0"]
[WhiteElo "1714"]
[BlackElo "1398"]
[PlyCount "45"]
[EventDate "2003.07.14"]
[EventType "swiss"]
[EventRounds "11"]
[EventCountry "DEN"]
[SourceDate "2004.01.01"]

1. d4 Nf6 2. c4 g6 3. Nc3 Bg7 4. e4 d6 5. Nf3 O-O 6. Be2 c6 7. O-O Nbd7 8. e5
dxe5 9. dxe5 Ng4 10. e6 fxe6 11. Ng5 Ndf6 12. Bxg4 Nxg4 13. Qxg4 e5 14. Qh4 h6
15. Nge4 Kh7 16. Bg5 Qd4 17. Rad1 Qb6 18. c5 Qxb2 19. Bxe7 Rf4 20. Ng5+ Kg8 21.
Rd8+ Bf8 22. Qxh6 Qc2 23. Qh7# 1-0

[Event "25. Copenhagen Open  (Politiken Cup)"]
[Site "Copenhagen"]
[Date "2003.07.16"]
[Round "3"]
[White "Hartung Nielsen, Jens"]
[Black "Holst, Allan"]
[Result "1/2-1/2"]
[WhiteElo "2233"]
[BlackElo "2361"]
[PlyCount "57"]
[EventDate "2003.07.14"]
[EventType "swiss"]
[EventRounds "11"]
[EventCountry "DEN"]
[SourceDate "2004.01.01"]

1. d4 g6 2. Nf3 Bg7 3. c4 Nf6 4. Nc3 d5 5. cxd5 Nxd5 6. e4 Nxc3 7. bxc3 c5 8.
Bb5+ Nd7 9. O-O O-O 10. Be3 Qa5 11. Qb3 Nf6 12. Bd3 Bd7 13. a4 Rac8 14. e5 Ng4
15. Bd2 Qc7 16. Qb1 Bc6 17. Be4 Qd7 18. h3 Nh6 19. Bxh6 Bxh6 20. Bxc6 Rxc6 21.
Qe4 Rd8 22. Rfd1 cxd4 23. cxd4 Rc4 24. a5 b5 25. axb6 axb6 26. Ra6 Qc6 27. Qxc6
Rxc6 28. d5 Rc5 29. Rxb6 1/2-1/2

[Event "25. Copenhagen Open  (Politiken Cup)"]
[Site "Copenhagen"]
[Date "2003.07.16"]
[Round "3"]
[White "Henrichsen, Jens"]
[Black "Christensen, Stefan"]
[Result "1-0"]
[WhiteElo "2076"]
[BlackElo "2221"]
[PlyCount "85"]
[EventDate "2003.07.14"]
[EventType "swiss"]
[EventRounds "11"]
[EventCountry "DEN"]
[SourceDate "2004.01.01"]

1. d4 Nf6 2. c4 e6 3. g3 Bb4+ 4. Bd2 Bxd2+ 5. Qxd2 c5 6. d5 exd5 7. cxd5 d6 8.
Nc3 O-O 9. Bg2 Qa5 10. a4 Na6 11. Nf3 Nb4 12. O-O b6 13. Nh4 Re8 14. Nb5 Rd8
15. Nc3 Bd7 16. Rfe1 a6 17. e4 Re8 18. Bf1 Ng4 19. h3 Ne5 20. f4 Ng6 21. Nxg6
hxg6 22. Kh2 Re7 23. e5 dxe5 24. fxe5 c4 25. Bxc4 Qc5 26. Bb3 Bf5 27. Ne4 Qa5
28. g4 Bxe4 29. Rxe4 Nc6 30. Qe3 Nd8 31. Rc1 b5 32. Rc2 bxa4 33. Rxa4 Qb5 34.
Qc3 Qb8 35. d6 Re8 36. Bd5 Nb7 37. Rb4 Ra7 38. Qc7 Qd8 39. Bxf7+ Kh8 40. Bxe8
Qxe8 41. Qe7 Nxd6 42. Qxe8+ Nxe8 43. Rb8 1-0

[Event "25. Copenhagen Open  (Politiken Cup)"]
[Site "Copenhagen"]
[Date "2003.07.16"]
[Round "3"]
[White "Hoi, Carsten"]
[Black "Olsson, Linus"]
[Result "1/2-1/2"]
[WhiteElo "2385"]
[BlackElo "2244"]
[PlyCount "46"]
[EventDate "2003.07.14"]
[EventType "swiss"]
[EventRounds "11"]
[EventCountry "DEN"]
[SourceDate "2004.01.01"]

1. d4 Nf6 2. Nf3 e6 3. c4 c5 4. e3 d5 5. Nc3 Nc6 6. cxd5 exd5 7. Be2 Bd6 8. O-O
O-O 9. dxc5 Bxc5 10. b3 Be6 11. Bb2 a6 12. Rc1 Qe7 13. Na4 Bd6 14. Nd4 Ne5 15.
Nf3 Nc6 16. h3 Ne4 17. Nc3 Rad8 18. Qc2 Nb4 19. Qb1 Bf5 20. Qa1 Nf6 21. Nd4 Qe5
22. Nf3 Qe7 23. Nd4 Qe5 1/2-1/2

[Event "25. Copenhagen Open  (Politiken Cup)"]
[Site "Copenhagen"]
[Date "2003.07.16"]
[Round "3"]
[White "Hovmoller, Kristian"]
[Black "Marder, Simon"]
[Result "1-0"]
[WhiteElo "2302"]
[BlackElo "2067"]
[PlyCount "81"]
[EventDate "2003.07.14"]
[EventType "swiss"]
[EventRounds "11"]
[EventCountry "DEN"]
[SourceDate "2004.01.01"]

1. d4 Nc6 2. Nf3 d5 3. e3 Bg4 4. Bb5 f6 5. c4 a6 6. Bxc6+ bxc6 7. Nc3 e6 8. O-O
f5 9. Qa4 Bxf3 10. Qxc6+ Kf7 11. gxf3 Bd6 12. f4 Ne7 13. Qa4 c6 14. Qd1 Ra7 15.
c5 Bb8 16. Kh1 g6 17. Bd2 Ng8 18. f3 h6 19. Ne2 Kf8 20. Nc1 Rg7 21. Nd3 Qh4 22.
Qb3 Qd8 23. Qb6 Qe8 24. Nb4 Ne7 25. Nxa6 Kf7 26. a4 g5 27. b4 gxf4 28. exf4 Kf6
29. Qxb8 Qxb8 30. Nxb8 Rxb8 31. Rfb1 Ng6 32. Be1 Nxf4 33. Bg3 Rxg3 34. hxg3 Ne2
35. b5 Nxd4 36. b6 Nxf3 37. a5 Nd2 38. a6 Nxb1 39. Rxb1 d4 40. b7 d3 41. a7 1-0

[Event "25. Copenhagen Open  (Politiken Cup)"]
[Site "Copenhagen"]
[Date "2003.07.16"]
[Round "3"]
[White "Jacobsen, Claus"]
[Black "Jensen, Sren"]
[Result "0-1"]
[WhiteElo "1075"]
[BlackElo "1565"]
[PlyCount "110"]
[EventDate "2003.07.14"]
[EventType "swiss"]
[EventRounds "11"]
[EventCountry "DEN"]
[SourceDate "2004.01.01"]

1. e4 e5 2. Nf3 d5 3. Nxe5 dxe4 4. Bc4 Nh6 5. d3 Qf6 6. d4 Nd7 7. Nxd7 Bxd7 8.
Bxh6 gxh6 9. O-O O-O-O 10. Nc3 Bf5 11. Ne2 Bg4 12. c3 Rg8 13. Qc2 h5 14. Ng3 h4
15. Nxe4 Qc6 16. Be2 f5 17. Bxg4 Rxg4 18. f3 Rg7 19. Nc5 Qg6 20. Rf2 h3 21. Qb3
Bxc5 22. dxc5 Rdg8 23. Qa4 a6 24. c6 Qxc6 25. Qxc6 bxc6 26. g3 f4 27. g4 h5 28.
Raf1 hxg4 29. fxg4 Rxg4+ 30. Kh1 Rg2 31. b4 Rxf2 32. Rxf2 Rd8 33. Kg1 Rd1+ 34.
Rf1 Rd3 35. Rxf4 Rxc3 36. a4 Kd7 37. Rd4+ Ke6 38. Re4+ Kd5 39. Re7 Rb3 40. Rd7+
Kc4 41. Rxc7 Kxb4 42. Rxc6 a5 43. Rb6+ Kxa4 44. Rd6 Ka3 45. Kf1 a4 46. Rd2 Rc3
47. Ke1 Kb3 48. Kd1 a3 49. Rd6 Kb2 50. Rd2+ Kb1 51. Rd5 Rc1+ 52. Kd2 Rc2+ 53.
Kd1 Rxh2 54. Rb5+ Rb2 55. Rc5 h2 0-1

[Event "25. Copenhagen Open  (Politiken Cup)"]
[Site "Copenhagen"]
[Date "2003.07.16"]
[Round "3"]
[White "Jakobsen, Ole"]
[Black "Semcesen, Daniel"]
[Result "1-0"]
[WhiteElo "2381"]
[BlackElo "2234"]
[PlyCount "211"]
[EventDate "2003.07.14"]
[EventType "swiss"]
[EventRounds "11"]
[EventCountry "DEN"]
[SourceDate "2004.01.01"]

1. d4 Nf6 2. c4 c6 3. Nf3 d5 4. e3 a6 5. b3 Bg4 6. Be2 e6 7. O-O Bd6 8. Nbd2
O-O 9. Bb2 b5 10. Ne5 Bxe2 11. Qxe2 Ne4 12. f4 Nxd2 13. Qxd2 f6 14. Nf3 Nd7 15.
Rac1 Rc8 16. Rc2 Qe7 17. Rfc1 Bb4 18. Qe2 Nb6 19. cxb5 cxb5 20. Rc6 Rxc6 21.
Rxc6 Rb8 22. Bc3 Bxc3 23. Rxc3 Rc8 24. Qc2 Rxc3 25. Qxc3 Qb7 26. Qc5 Kf7 27.
Ne1 Nc8 28. Nd3 Ne7 29. Qc2 Qb6 30. Nc5 g6 31. Kf2 a5 32. a3 Qd6 33. Qe2 Qb6
34. g4 Qb8 35. Kg2 h6 36. h4 a4 37. bxa4 bxa4 38. Qa6 Qc8 39. Qxc8 Nxc8 40.
Nxa4 Nd6 41. Nb2 h5 42. gxh5 gxh5 43. a4 Ke7 44. Nd3 Nf5 45. Kf2 Nxh4 46. a5
Kd6 47. Nc5 Kc6 48. a6 Kb6 49. Nxe6 Nf5 50. Nc5 h4 51. Nd7+ Kxa6 52. Nxf6 Ne7
53. Kf3 Kb5 54. Ne8 Kc4 55. Ng7 h3 56. f5 h2 57. Kg2 Kd3 58. f6 Ng6 59. Ne6 Nh8
60. Kxh2 Ke4 61. Kg3 Kf5 62. Nc7 Nf7 63. Kf3 Ng5+ 64. Ke2 Ke4 65. Ne8 Kf5 66.
Kd3 Ke6 67. Nc7+ Kd6 68. Nb5+ Ke6 69. Nc3 Nf7 70. Ke2 Ng5 71. Kf2 Kxf6 72.
Nxd5+ Ke6 73. Nc3 Kf5 74. Ke2 Kf6 75. Kd3 Ke6 76. Kc4 Kd6 77. e4 Nf3 78. Nb5+
Ke6 79. Kc5 Ng5 80. Nc3 Nf3 81. Ne2 Ng5 82. Nf4+ Kd7 83. Kd5 Nf3 84. Ng6 Ng5
85. Ne5+ Ke7 86. Ng6+ Kd7 87. Nf4 Ke7 88. Nd3 Nf3 89. Nc5 Ne1 90. Kc6 Nc2 91.
Nb3 Nb4+ 92. Kc7 Na6+ 93. Kc6 Nb4+ 94. Kc5 Nd3+ 95. Kd5 Nb4+ 96. Kc4 Nc2 97.
Kc5 Ne1 98. Kc6 Kd8 99. Kd6 Nc2 100. e5 Ne3 101. d5 Ke8 102. Ke6 Ng2 103. Nd4
Nf4+ 104. Kd6 Nd3 105. Ne6 Kf7 106. Nc7 1-0

[Event "25. Copenhagen Open  (Politiken Cup)"]
[Site "Copenhagen"]
[Date "2003.07.16"]
[Round "3"]
[White "Johannessen, Leif Erlend"]
[Black "Hvenekilde, Jorgen"]
[Result "1-0"]
[WhiteElo "2525"]
[BlackElo "2259"]
[PlyCount "81"]
[EventDate "2003.07.14"]
[EventType "swiss"]
[EventRounds "11"]
[EventCountry "DEN"]
[SourceDate "2004.01.01"]

1. Nf3 Nf6 2. c4 g6 3. Nc3 Bg7 4. e4 d6 5. d4 O-O 6. Be2 c6 7. O-O a6 8. Re1 b5
9. e5 dxe5 10. dxe5 Qxd1 11. Bxd1 Ne8 12. Bg5 Ra7 13. Bb3 Bg4 14. Rad1 h6 15.
Be3 Rb7 16. Bc5 Bxf3 17. gxf3 Nd7 18. Bxe7 Nxe5 19. Bxf8 Nxf3+ 20. Kf1 Kxf8 21.
Re4 Re7 22. Rf4 Nxh2+ 23. Kg2 g5 24. Re4 Rxe4 25. Nxe4 Ng4 26. cxb5 axb5 27.
Rd7 Ne5 28. Rb7 Nf6 29. Nd6 Nfd7 30. Nf5 Kg8 31. Rc7 Bf8 32. Rc8 c5 33. Bc2 h5
34. Nd6 b4 35. a4 bxa3 36. bxa3 Kg7 37. Nf5+ Kf6 38. a4 c4 39. a5 Nd3 40. Ne3
Bc5 41. a6 1-0

[Event "25. Copenhagen Open  (Politiken Cup)"]
[Site "Copenhagen"]
[Date "2003.07.16"]
[Round "3"]
[White "Johansen, Anders Sten"]
[Black "Bjerke, Silje"]
[Result "1/2-1/2"]
[WhiteElo "1590"]
[BlackElo "2093"]
[PlyCount "67"]
[EventDate "2003.07.14"]
[EventType "swiss"]
[EventRounds "11"]
[EventCountry "DEN"]
[SourceDate "2004.01.01"]

1. e4 e6 2. d4 d5 3. Nd2 c5 4. exd5 Qxd5 5. dxc5 Bxc5 6. Ngf3 Nf6 7. Bc4 Qd8 8.
O-O O-O 9. Qe2 Nc6 10. Ne4 Be7 11. Rd1 Qc7 12. Ng3 e5 13. c3 Bg4 14. h3 Bh5 15.
Nxh5 Nxh5 16. Ng5 Nf4 17. Bxf4 exf4 18. Nf3 Bf6 19. Re1 a6 20. Rad1 g6 21. Bd5
Ne7 22. Be4 Rfe8 23. Qc2 Rad8 24. Rxd8 Rxd8 25. Rd1 Rxd1+ 26. Qxd1 b5 27. a3
Nc8 28. Qd3 Nb6 29. Nd2 Na4 30. Qc2 a5 31. c4 Bxb2 32. cxb5 Qxc2 33. Bxc2 Nb6
34. a4 1/2-1/2

[Event "25. Copenhagen Open  (Politiken Cup)"]
[Site "Copenhagen"]
[Date "2003.07.16"]
[Round "3"]
[White "Johansson, Thomas"]
[Black "Nordfjord, Sverrir"]
[Result "1-0"]
[WhiteElo "2231"]
[BlackElo "2057"]
[PlyCount "69"]
[EventDate "2003.07.14"]
[EventType "swiss"]
[EventRounds "11"]
[EventCountry "DEN"]
[SourceDate "2004.01.01"]

1. e4 e5 2. f4 d5 3. exd5 e4 4. d3 Nf6 5. dxe4 Nxe4 6. Nf3 c6 7. Bd3 Qa5+ 8.
Nbd2 cxd5 9. Qe2 f5 10. O-O Bc5+ 11. Kh1 O-O 12. Nb3 Qc7 13. c4 Re8 14. Ne5 Bd6
15. cxd5 Bxe5 16. fxe5 Qxe5 17. Qc2 Nd7 18. Bf4 Qe7 19. Nd4 Ndf6 20. Bc4 Nd6
21. Bxd6 Qxd6 22. Nb5 Qc5 23. Nc7 Re4 24. Bd3 Qxc2 25. Bxc2 Rc4 26. Nxa8 Rxc2
27. Rac1 Rxc1 28. Rxc1 Bd7 29. Rc7 Be8 30. Rxb7 Nxd5 31. Rxa7 Bc6 32. Kg1 f4
33. Nc7 Nf6 34. b4 g5 35. b5 1-0

[Event "25. Copenhagen Open  (Politiken Cup)"]
[Site "Copenhagen"]
[Date "2003.07.16"]
[Round "3"]
[White "Johnson, Bjrn"]
[Black "Schuetzhold, Frank"]
[Result "0-1"]
[WhiteElo "2256"]
[BlackElo "2063"]
[PlyCount "138"]
[EventDate "2003.07.14"]
[EventType "swiss"]
[EventRounds "11"]
[EventCountry "DEN"]
[SourceDate "2004.01.01"]

1. f4 Nf6 2. Nf3 g6 3. d3 Bg7 4. e4 d6 5. Be2 Bg4 6. O-O O-O 7. Qe1 c5 8. Nc3
Nc6 9. h3 Bxf3 10. Bxf3 Nd4 11. Bd1 e6 12. Ne2 Nd7 13. Nxd4 cxd4 14. g4 Re8 15.
g5 f5 16. gxf6 Bxf6 17. Qg3 Nf8 18. Bd2 Rc8 19. Be1 Rc7 20. Kh1 Rg7 21. Bg4 Qc7
22. Qh2 Qc6 23. Bf3 Qc7 24. Bg3 e5 25. h4 exf4 26. Bxf4 Be5 27. Bg4 Rf7 28.
Rac1 Ree7 29. Rf2 Bxf4 30. Rxf4 Rxf4 31. Qxf4 Rf7 32. Qg3 Qe7 33. Re1 Qf6 34.
Kg1 b6 35. Bh3 Qe7 36. c3 dxc3 37. bxc3 Ne6 38. Rf1 Rxf1+ 39. Bxf1 Nc5 40. Qf4
Qe6 41. a3 Kg7 42. Kf2 Qa2+ 43. Kg3 Qb1 44. Be2 Nxd3 45. Bxd3 Qxd3+ 46. Kg2
Qc2+ 47. Kh1 Qb1+ 48. Kg2 Qb2+ 49. Kh1 Qxa3 50. h5 Qa1+ 51. Kg2 Qb2+ 52. Kh1
Qb1+ 53. Kg2 Qc2+ 54. Kh1 Qd1+ 55. Kg2 Qe2+ 56. Kg3 Qxh5 57. Qxd6 Qg5+ 58. Kh3
Qe3+ 59. Kh2 Qxe4 60. Qc7+ Kh6 61. Qxa7 Qf4+ 62. Kg2 Qe3 63. Qb7 g5 64. Qc6+
Kh5 65. Qb7 h6 66. Qf7+ Kh4 67. Qc4+ g4 68. Kh2 Qf2+ 69. Kh1 Kh3 0-1

[Event "25. Copenhagen Open  (Politiken Cup)"]
[Site "Copenhagen"]
[Date "2003.07.16"]
[Round "3"]
[White "Jorgensen, Dennis"]
[Black "Stolberg-Rohr, Thomine"]
[Result "1-0"]
[WhiteElo "2104"]
[BlackElo "1773"]
[PlyCount "55"]
[EventDate "2003.07.14"]
[EventType "swiss"]
[EventRounds "11"]
[EventCountry "DEN"]
[SourceDate "2004.01.01"]

1. d4 g6 2. e4 Bg7 3. Nc3 d6 4. Be3 a6 5. a4 Nc6 6. d5 Nb4 7. a5 e6 8. Ra4 c5
9. dxc6 Nxc6 10. Bb6 Qe7 11. Nf3 Nf6 12. Be2 O-O 13. O-O Nd7 14. Bc7 Bxc3 15.
Bxd6 Qf6 16. Bxf8 Bxa5 17. Bd6 b5 18. e5 Qg7 19. Ra2 Nb6 20. c3 Nd5 21. Qd2 Bb7
22. Rfa1 Bb6 23. Bxb5 Rd8 24. Bxa6 Bxa6 25. Rxa6 f6 26. c4 Nxe5 27. Bxe5 Nc3
28. Rxb6 1-0

[Event "25. Copenhagen Open  (Politiken Cup)"]
[Site "Copenhagen"]
[Date "2003.07.16"]
[Round "3"]
[White "Kaaber Hansen, Jacob"]
[Black "Malmdin, Nils Ake"]
[Result "0-1"]
[WhiteElo "2032"]
[BlackElo "2190"]
[PlyCount "64"]
[EventDate "2003.07.14"]
[EventType "swiss"]
[EventRounds "11"]
[EventCountry "DEN"]
[SourceDate "2004.01.01"]

1. d4 Nf6 2. c4 e6 3. Nf3 Bb4+ 4. Nbd2 b6 5. g3 Bb7 6. Bg2 O-O 7. a3 Be7 8. Qc2
c5 9. dxc5 bxc5 10. e4 d6 11. O-O Qc7 12. b3 Nc6 13. Bb2 e5 14. Ne1 Nd4 15.
Bxd4 cxd4 16. Nd3 a5 17. h3 d5 18. exd5 Nxd5 19. Rfe1 f6 20. Qc1 Nc3 21. Ne4
Nxe4 22. Bxe4 Bxe4 23. Rxe4 Qb7 24. Qe1 Qxb3 25. Nf4 Bxa3 26. Nh5 Ra7 27. Rg4
Bb4 28. Qe4 Qxc4 29. Qf5 Qc6 30. Kh2 Bd2 31. Ra2 Bg5 32. h4 g6 0-1

[Event "25. Copenhagen Open  (Politiken Cup)"]
[Site "Copenhagen"]
[Date "2003.07.16"]
[Round "3"]
[White "Kallio, Heikki"]
[Black "Nordenbaek, Jan"]
[Result "1-0"]
[WhiteElo "2471"]
[BlackElo "2254"]
[PlyCount "39"]
[EventDate "2003.07.14"]
[EventType "swiss"]
[EventRounds "11"]
[EventCountry "DEN"]
[SourceDate "2004.01.01"]

1. Nf3 Nf6 2. c4 g6 3. Nc3 Bg7 4. d4 O-O 5. e4 d6 6. Be2 e5 7. O-O Nc6 8. d5
Ne7 9. Ne1 Nd7 10. Be3 f5 11. f3 f4 12. Bf2 g5 13. Rc1 Rf6 14. c5 dxc5 15. Nd3
b6 16. b4 cxb4 17. Nb5 c5 18. dxc6 Nxc6 {Diagram #} 19. Rxc6 Rxc6 20. Nxb4 1-0

[Event "25. Copenhagen Open  (Politiken Cup)"]
[Site "Copenhagen"]
[Date "2003.07.16"]
[Round "3"]
[White "Knudsen, Erik"]
[Black "Forsmann, Henning"]
[Result "0-1"]
[WhiteElo "1105"]
[BlackElo "1575"]
[PlyCount "102"]
[EventDate "2003.07.14"]
[EventType "swiss"]
[EventRounds "11"]
[EventCountry "DEN"]
[SourceDate "2004.01.01"]

1. d4 Nf6 2. Nf3 g6 3. Bf4 Bg7 4. e3 O-O 5. Nbd2 d6 6. h3 Nbd7 7. Bd3 Re8 8. c3
e5 9. Bh2 e4 10. Bc4 exf3 11. Qxf3 Nb6 12. Bb3 d5 13. O-O Bf5 14. Rfe1 a5 15.
g4 Be4 16. Qf4 Rc8 17. Rac1 a4 18. Bd1 Nc4 19. Nxc4 dxc4 20. Bxa4 c6 21. f3 Nd5
22. Qd6 Bxf3 23. Kf2 Be4 24. Bc2 Qh4+ 25. Qg3 Qf6+ 26. Kg1 Qe7 27. Qd6 Bh6 28.
Qxe7 Rxe7 29. Kf2 Bxc2 30. Rxc2 Rce8 31. Rce2 Rxe3 32. Be5 Rxe2+ 33. Rxe2 f6
34. Bg3 Rxe2+ 35. Kxe2 Bc1 36. b3 cxb3 37. axb3 Nxc3+ 38. Kd3 Nd5 39. Kc4 Nf4
40. Bxf4 Bxf4 41. Kc5 Be3 42. Kc4 b6 43. d5 cxd5+ 44. Kxd5 Kf7 45. Ke4 Bc5 46.
h4 Ke6 47. h5 g5 48. Kd3 Ke5 49. Kc4 Kf4 50. b4 Bf2 51. Kd5 Kxg4 0-1

[Event "25. Copenhagen Open  (Politiken Cup)"]
[Site "Copenhagen"]
[Date "2003.07.16"]
[Round "3"]
[White "Korolev, Nikolaj"]
[Black "Rasmussen, Henning"]
[Result "1-0"]
[WhiteElo "2117"]
[BlackElo "1816"]
[PlyCount "101"]
[EventDate "2003.07.14"]
[EventType "swiss"]
[EventRounds "11"]
[EventCountry "DEN"]
[SourceDate "2004.01.01"]

1. e4 e6 2. d4 d5 3. Nc3 Nf6 4. Bg5 dxe4 5. Nxe4 Be7 6. Bxf6 Bxf6 7. Nf3 b6 8.
Bd3 Bb7 9. Qd2 Nc6 10. c3 Be7 11. Qf4 Bd6 12. Qg4 g6 13. Nxd6+ Qxd6 14. Ng5 Qe7
15. h4 O-O-O 16. O-O-O h6 17. Nh3 Qf6 18. Rhe1 Kb8 19. f4 Ne7 20. g3 Nf5 21.
Be4 Bxe4 22. Rxe4 Rd6 23. Nf2 Rhd8 24. Ree1 Rd5 25. Nd3 h5 26. Qf3 a5 27. Ne5
Ne7 28. Qf2 Rc8 29. Kb1 Rd6 30. Ka1 Ka7 31. Rd2 Nc6 32. Qg2 Nb8 33. Red1 Qe7
34. c4 Qe8 35. Qf3 Rcd8 36. Qa3 f6 37. Nf3 Nc6 38. Qc3 Nb4 39. a3 Na6 40. Re1
Qc6 41. d5 exd5 42. Nd4 Qxc4 43. Qxc4 dxc4 44. Nb5+ Kb7 45. Nxd6+ Rxd6 46. Rxd6
cxd6 47. Re6 Kc6 48. Rxf6 Nc5 49. Rxg6 Ne4 50. g4 hxg4 51. h5 1-0

[Event "25. Copenhagen Open  (Politiken Cup)"]
[Site "Copenhagen"]
[Date "2003.07.16"]
[Round "3"]
[White "Krasenkow, Michal"]
[Black "Hartvig, Ove Weiss"]
[Result "1-0"]
[WhiteElo "2585"]
[BlackElo "2295"]
[PlyCount "119"]
[EventDate "2003.07.14"]
[EventType "swiss"]
[EventRounds "11"]
[EventCountry "DEN"]
[SourceDate "2004.01.01"]

1. d4 Nf6 2. Nf3 c5 3. d5 e6 4. Nc3 Nxd5 5. Nxd5 exd5 6. Qxd5 Be7 7. e4 O-O 8.
Bc4 d6 9. O-O Nc6 10. c3 Be6 11. Qd3 Ne5 12. Nxe5 dxe5 13. Qe2 Bxc4 14. Qxc4
Qd7 15. a4 Rfd8 16. Be3 Rac8 17. Qb5 Rc6 18. h3 a6 19. Qe2 Rg6 20. Qh5 Qc7 21.
Rad1 Rxd1 22. Rxd1 Rd6 23. Qe2 Qc6 24. Rxd6 Bxd6 25. Qc4 b5 26. axb5 axb5 27.
Qa2 c4 28. Qa5 h6 29. Qd8+ Kh7 30. h4 b4 31. g4 b3 32. Kh2 Bc5 33. Qd5 Qxd5 34.
exd5 Bd6 35. Kg3 Kg6 36. h5+ Kf6 37. Kf3 Ba3 38. Bc1 Bc5 39. g5+ hxg5 40. Kg4
e4 41. Bxg5+ Ke5 42. Be3 Ba3 43. Bd4+ Kxd5 44. Bxg7 Bxb2 45. h6 Ba3 46. h7 b2
47. h8=Q b1=Q 48. Qa8+ Ke6 49. Qc8+ Kd5 50. Qd7+ Bd6 51. Qxf7+ Kc6 52. Qxc4+
Kd7 53. Qf7+ Kc6 54. Bd4 Qd1+ 55. Kg5 Qd2+ 56. Kg6 Qd3 57. Qf5 Kb7 58. Kf6 Bc7
59. Ke7 Bb6 60. Qd5+ 1-0

[Event "25. Copenhagen Open  (Politiken Cup)"]
[Site "Copenhagen"]
[Date "2003.07.16"]
[Round "3"]
[White "Kristjansson, Atli Freyr"]
[Black "Lie, Terje"]
[Result "1-0"]
[WhiteElo "1560"]
[BlackElo "1000"]
[PlyCount "97"]
[EventDate "2003.07.14"]
[EventType "swiss"]
[EventRounds "11"]
[EventCountry "DEN"]
[SourceDate "2004.01.01"]

1. e4 d6 2. d4 Nf6 3. Nc3 g6 4. f4 Bg7 5. Nf3 c5 6. dxc5 dxc5 7. Qxd8+ Kxd8 8.
Bc4 Ke8 9. e5 Ng4 10. Nd5 Kd7 11. h3 Nh6 12. Be3 e6 13. Nc3 b6 14. O-O-O+ Ke7
15. Nb5 Ba6 16. g4 Bxb5 17. Bxb5 a6 18. Bd3 Nd7 19. Be4 Rab8 20. Rd6 Rhd8 21.
Rhd1 Nf8 22. Bc6 Ng8 23. g5 h5 24. h4 Rxd6 25. exd6+ Kd8 26. Ne5 Bxe5 27. fxe5
Nd7 28. Bf4 a5 29. Bg3 Rc8 30. Bb5 Rb8 31. Rf1 Ke8 32. Bxd7+ Kxd7 33. Rxf7+ Kc6
34. Rg7 b5 35. Rxg6 Kd7 36. Rg7+ Kc6 37. Rh7 Rf8 38. Kd2 Rf3 39. Rc7+ Kb6 40.
Be1 Rf5 41. Bg3 Rf3 42. Rg7 Rxg3 43. Rxg8 Kc6 44. g6 c4 45. Rc8+ Kd7 46. Rc7+
Kd8 47. g7 Rg4 48. Ra7 Ke8 49. Ra8+ 1-0

[Event "25. Copenhagen Open  (Politiken Cup)"]
[Site "Copenhagen"]
[Date "2003.07.16"]
[Round "3"]
[White "Lappage, Jonathan"]
[Black "Christensen, Jan N"]
[Result "0-1"]
[WhiteElo "2208"]
[BlackElo "2053"]
[PlyCount "54"]
[EventDate "2003.07.14"]
[EventType "swiss"]
[EventRounds "11"]
[EventCountry "DEN"]
[SourceDate "2004.01.01"]

1. e4 e5 2. Nf3 Nc6 3. Bb5 Bc5 4. O-O Nd4 5. Nxd4 Bxd4 6. c3 Bb6 7. d4 c6 8.
Ba4 d6 9. Be3 Ne7 10. Bb3 O-O 11. Na3 Ng6 12. Kh1 Kh8 13. Nc4 Be6 14. Nxb6 axb6
15. d5 Bc8 16. Qd2 c5 17. Bc2 f5 18. exf5 Bxf5 19. Bxf5 Rxf5 20. Qd3 Rh5 21. g3
Qd7 22. Qe4 Ra4 23. Qg2 Qf5 24. b3 Nh4 25. gxh4 Rg4 26. f4 Rxg2 27. fxe5 Rxh2+
0-1

[Event "25. Copenhagen Open  (Politiken Cup)"]
[Site "Copenhagen"]
[Date "2003.07.16"]
[Round "3"]
[White "Larsen, Alex"]
[Black "Salomonsen, Rune"]
[Result "0-1"]
[WhiteElo "1305"]
[BlackElo "1691"]
[PlyCount "48"]
[EventDate "2003.07.14"]
[EventType "swiss"]
[EventRounds "11"]
[EventCountry "DEN"]
[SourceDate "2004.01.01"]

1. d4 Nf6 2. Nf3 d6 3. Nc3 g6 4. e4 Bg7 5. Be2 O-O 6. Be3 Nbd7 7. O-O c5 8. Qd2
Ng4 9. Bg5 cxd4 10. Nxd4 Nc5 11. Bxg4 Bxg4 12. f3 Bd7 13. Bh6 Bxh6 14. Qxh6 Re8
15. b3 Rc8 16. Rac1 Qa5 17. Nd5 Ne6 18. Nxe6 Bxe6 19. Qg5 Bxd5 20. Qxd5 Qb6+
21. Kh1 Rc3 22. h4 Rec8 23. h5 R8c5 24. Qd2 Rxh5# 0-1